Los píxels de Cézanne y otras impresiones sobre mis afinidades artísticas /

שמור ב:
מידע ביבליוגרפי
מחבר ראשי: Wenders, Wim (autor)
מחברים אחרים: Reschke, Annette (edición) (edición)
פורמט: ספר
שפה:ספרדית
יצא לאור: Buenos Aires, Argentina : Caja Negra, 2016, c2016
סדרה:(Synesthesia)
נושאים:
תגים: הוספת תג
אין תגיות, היה/י הראשונ/ה לתייג את הרשומה!

MARC

LEADER 00000nam^a2200000^a^4500
001 000391223
005 20250521000000.0
009 20260310121207.907
020 |a 978-987-1622-44-3 
037 |a Acervo ITESO - Biblioteca 
041 |a ESP 
082 |a 302. 2350943  |b WEN 
100 |a Wenders, Wim  |e (autor) 
245 1 4 |a Los píxels de Cézanne y otras impresiones sobre mis afinidades artísticas /  |c W. Wenders ; ed. y prelim. de A. Reschke ; tr. por Florencia Martin. 
264 4 |a Buenos Aires, Argentina :  |b Caja Negra,  |c 2016, c2016 
300 |a 204 p. 
336 |a texto  |b txt  |2 rdacontenido 
337 |a sin mediación  |b n  |2 rdamedio 
338 |a volumen  |b nc  |2 rdasoporte 
440 1 |a (Synesthesia) 
500 |a Traducción de: Die Pixel des Paul Cézanne und andere Blicke auf Künstler 
521 |a 2019 BO Licenciatura en Comunicación y Artes Audiovisuales 
545 0 |a Nacido en 1945 en Düsseldorf, Wim Wenders es uno de los principales autores surgidos dentro del movimiento del nuevo cine alemán, desarrollado durante las décadas de 1960 y 1970. Tras abandonar sus estudios en Medicina y en Filosofía, el futuro director de cine pasa un año en París, que dedica a aprender la técnica del grabado y a ver películas en la célebre Cinemateca de la capital francesa, e ingresa en 1967 a la Escuela de Cine y Televisión de Munich, a la que posteriormente ha vuelto como docente. Durante los años 1967-1970 escribe crítica de cine, dirige varios cortometrajes y transforma su práctica de fin de carrera en su primer largometraje, Summer in the City (1970). Alcanza el reconocimiento internacional con los filmes Alicia en las ciudades (1973), Falso movimiento (1974) y En el transcurso del tiempo (1975. Premio de la Crítica Internacional en el Festival de Cannes de 1976). El cortometraje Drei Amerikanische LP's (1969) demarca, por su parte, el inicio de una colaboración estrecha con el escritor Peter Handke, que ha proseguido en títulos como El miedo del portero ante el penalty (1971) y Las alas del deseo/Cielo sobre Berlín (1987. Premios al mejor director en el Festival de Cannes de 1987 y de la Academia Europea de Cine en 1988). El amigo americano (1976) y París, Texas (1984. Palma de Oro a la mejor película en el Festival de Cannes de 1984) se cuentan también entre sus mejores obras, en tanto que en el documental Relámpago sobre el agua (1979) y en Más allá de las nubes (1994) colabora, respectivamente, con dos de sus cineastas más admirados: el norteamericano Nicholas Ray y el italiano Michelangelo Antonioni. Tan lejos y tan cerca (1993) lo acerca a nueva generación de cinéfilos, quienes han seguido su trayectoria en obras como Historia de Lisboa (1994) y el documental Buena Vista Social Club (1999). 
649 |a XX 
650 |a Cineastas Alemanes -  |x Memorias 
650 |a Coreógrafos Alemanes 
650 |a Bailarines Alemanes 
650 |a Pintores Franceses 
650 |a Pintores Norteamericanos 
650 |a Fotógrafos Alemanes 
650 |a Fotógrafos Norteamericanos 
650 |a Cineastas Italianos 
650 |a Cineastas Japoneses 
650 |a Cineastas Suecos 
650 |a Diseñadores de Moda Japoneses 
650 |a Artistas -  |x Tema Principal 
650 |a Prosa Poética Alemana 
650 |a Ensayos Alemanes 
650 |a Literatura Alemana -  |y Siglo XXI 
650 |a Cine -  |x Historia y Crítica 
650 |a Cine -  |y Siglo XX 
650 |a Arte Moderno -  |x Historia y Crítica 
650 |a Antonioni, Michelangelo 
650 |a Bausch, Pina 
650 |a Bergman, Ingmar 
650 |a Cézanne, Paul 
650 |a Fuller, Samuel 
650 |a Hopper, Edward 
650 |a Klemm, Barbara 
650 |a Lindbergh, Peter 
650 |a Mann, Anthony 
650 |a Nachtwey, James 
650 |a Oliveira, Manoel de 
650 |a Ozu, Yasujiro 
650 |a Wyeth, Andrew 
650 |a Yamamoto, Yohji 
600 |a Sirk, Douglas 
700 |a Reschke, Annette  |e (edición) 
910 |a Fondo General 
920 |a Impresos - Libros 
930 |a Colección General 
905 |a 101 
901 |a 0500285946  |b IT1  |c ACC  |i C153376  |u 20250521 
901 |a 0500316330  |b IT1  |c ACC  |i C163391  |u 20250521 
902 |a https://opac.biblio.iteso.mx/vufind/Record/000391223